Bailey & Love's (Record no. 35620)

MARC details
000 -LEADER
fixed length control field 00581nam a22002057a 4500
005 - DATE AND TIME OF LATEST TRANSACTION
control field 20240429101720.0
008 - FIXED-LENGTH DATA ELEMENTS--GENERAL INFORMATION
fixed length control field 240429b |||||||| |||| 00| 0 eng d
020 ## - INTERNATIONAL STANDARD BOOK NUMBER
ISBN 9781444121285
082 ## - DEWEY DECIMAL CLASSIFICATION NUMBER
Classification number 615
Item number WIL-B
100 ## - MAIN ENTRY--AUTHOR
Author Name Williams Norman S.
245 ## - TITLE STATEMENT
Title Bailey & Love's
Statement of responsibility, etc. Norman S.Williams, Christopher J.K Bulstrode,Ronan O Connell
250 ## - EDITION STATEMENT
Edition statement 26th ed.
260 ## - PUBLICATION, DISTRIBUTION, ETC.
Place of Publication USA;
Name of publisher, distributor, etc. CRC:
Date of publication, distribution, etc. 2013.
300 ## - PHYSICAL DESCRIPTION
Pages xv,1517p.
500 ## - GENERAL NOTE
General note include index .
650 ## - SUBJECT ADDED ENTRY--TOPICAL TERM
Subject / Department Medical / Surgery
700 ## - ADDED ENTRY--PERSONAL NAME
Personal name Christopher J.K Bulstrode
700 ## - ADDED ENTRY--PERSONAL NAME
Personal name Ronan O Connell
300 ## - PHYSICAL DESCRIPTION
-- ill;
-- 27 cm.
952 ## - LOCATION AND ITEM INFORMATION (KOHA)
-- 0
-- 0
Holdings
Lost status Damaged status Collection code Permanent Location Current Location Shelving Location Date acquired Full Call Number Accession No./Barcode Date last seen item type Koha item type
    Medical Superior Information Resource Center (SIRC) Superior University- Main Campus Superior Information Resource Center (SIRC) Superior University- Main Campus Surgery 04/29/2024 615 WIL.B 2013 10172 04/29/2024 BOOK BOOK

Powered by Koha